Caracterización de propiedades de aplastamiento y esfuerzo de flexión, necesarias para el diseño de conexiones de elementos de madera con materiales existentes en el mercado costarricense
Wedi'i Gadw mewn:
| Prif Awdur: | |
|---|---|
| Fformat: | Llyfr |
| Cyhoeddwyd: |
[San José, Costa Rica]
2010
|
| Pynciau: | |
| Tagiau: |
Ychwanegu Tag
Dim Tagiau, Byddwch y cyntaf i dagio'r cofnod hwn!
|
MARC
| LEADER | 00000nam a2200000Ia 4500 | ||
|---|---|---|---|
| 003 | 010239 | ||
| 005 | 20221231144031.0 | ||
| 008 | 140114s2010 cr a 000 ||s d | ||
| 040 | |c cru CEDI | ||
| 090 | |a TFG 6293 | ||
| 100 | |a Quesada Solis, Jorge Eduardo |9 2746 | ||
| 245 | |a Caracterización de propiedades de aplastamiento y esfuerzo de flexión, necesarias para el diseño de conexiones de elementos de madera con materiales existentes en el mercado costarricense | ||
| 260 | |c 2010 |b [San José, Costa Rica] | ||
| 500 | |a Proyecto de graduación (licenciatura en ingeniería civil)--Universidad de Costa Rica. Facultad de Ingeniería. Escuela de Ingeniería Civil | ||
| 650 | |x JUNTAS (COMPONENTES ESTRUCTURALES) |x ESFUERZO Y TENSION |x PRUEBAS |x RESISTENCIA DE MATERIALES |x MADERA |9 2747 | ||
| 942 | |c TFG | ||
| 999 | |c 15911 |d 15911 | ||
